000
00270 a2200109 4500
001
31491
090
_c
21366
_d
21366
100
_a
Sirockman, Jason
245
_a
MCSE Plus Internet Complete User Guide trainin kit + 3 CDs set
260
_a
New Delhi
_b
PHI
_c
1999
505
_a
CD/DVD
942
_a
NUST-CAE
999
_c
266564
_d
266564